Statistics for Flag manipulation #2

Click here to take the quiz!

General Stats

  • This quiz has been taken 818 times
  • The average score is 7 of 10

Answer Stats

HintAnswer% Correct
Rotate the flag of Indonesia 180 degreesPoland
95%
Make Finland's flag white blue and its blue yellowSweden
91%
Turn Palau's circle red and its background dark greenBangladesh
90%
Stretch Switzerland's cross all the way to the sides and move it slightly off centre to the leftDenmark
86%
Rotate the flag of Ireland 180 degreesIvory Coast
83%
Take the upper left quadrant of the flag of FijiUnited Kingdom
75%
Take the right half of South Sudan's flag, stretch it horizontally and add a shield and 2 spearsKenya
70%
Remove the yellow symbols from the flag of the Philippines and swap blue and white sectionsCzech Republic
61%
Rotate clockwise all colours of the flag of Palestine except whiteSudan
37%
Remove the blue band from the flag of Mauritius and rotate 90 degrees clockwiseMali
34%

Score Distribution

Percentile by Number Answered

Percent of People with Each Score

Your Score History

You have not taken this quiz